| 000 | 01117nam a22001457a 4500 | ||
|---|---|---|---|
| 999 |
_c515478 _d515478 |
||
| 008 | 210129b ||||| |||| 00| 0 eng d | ||
| 100 |
_aHershbein, B. et al _923981 |
||
| 245 | _aCollege attainment, Income inequality, and economic security: A simulation exercise | ||
| 260 | _aAEA Papers and Proceedings | ||
| 300 | _a110, May, 2020: p.352-355 | ||
| 520 | _aWe conduct an empirical simulation exercise that gauges the plausible impact of increased rates of college attainment on a variety of measures of income inequality and economic insecurity. Using two different methodological approaches—a distributional approach and a causal parameter approach—we find that increased rates of BA and AA attainment would meaningfully increase economic security for lower income individuals and shrink gaps between the 90th percentile and lower percentiles. Increases in college attainment would not significantly reduce inequality at the very top of the distribution, as measured by the 99/90 earnings ratio. – Reproduced | ||
| 773 | _aAEA Papers and Proceedings | ||
| 906 | _aHIGHER EDUCATION | ||
| 942 | _cAR | ||